000 01079cam a22002411 4500
001 e 19000118
003 DLC
005 20260227111210.0
008 850401s1919 dcu f000 0 eng c
010 _ae 19000118
035 _a(OCoLC)11869491
040 _aLibrary, U.S. Bur. of Education
_cNhD
_dDLC
042 _apremarc
050 0 0 _aL111
_b.A6 1918, no. 23
100 1 _aHood, William R.
_q(William Ross),
_d1874-
245 1 0 _aState laws relating to education,
_benacted in 1915, 1916, and 1917,
_ccomp. by William R. Hood, Division of School Administration, Bureau of Education ...
260 _aWashington,
_bGovt. Print. Off.,
_c1919.
300 _a259 p.
_c23 cm.
490 0 _a[United States] Bureau of Education. Bulletin,
_v1918, no. 23
500 _aAt head of title: ... Department of the Interior ...
501 _aCopy 1 with: Instruction in journalism in institutions of higher education / James Melvin Lee. Washington : Govt. Print. Off., 1918. Bound together subsequent to publication.
_5DLC
650 0 _aEducational law and legislation
_zUnited States.
999 _c20284
_d20284